| 000 | 00845nam a22001937a 4500 | ||
|---|---|---|---|
| 999 |
_c8003 _d8003 |
||
| 003 | AR-CdUCM | ||
| 008 | 190322b ||||| |||| 00| 0 spa d | ||
| 040 |
_aMUNICIPALIDAD PROVINCIAL DEL CUSCO _cBIBLIOTECA MUNICIPAL DEL CUSCO |
||
| 082 |
_a657.862 / _bM61 |
||
| 110 |
_aMinisterio de energía y minas _922605 |
||
| 245 |
_aMinería y medio ambiente : _bUn enfoque técnico-legal de la minería ene le Perú / |
||
| 260 |
_aLima : _bInstituto de estudios económicos mineros, _c1993. |
||
| 300 |
_a181 páginas ; _bIlustraciones, _c29 cm. |
||
| 505 | _aMedio ambiente -- Características de la industria minera -- Efecto ambiental de la industria minera -- Tecnología disponible para reducir las emisiones contaminantes ... | ||
| 650 |
_aAspectos ambientales _922606 |
||
| 650 |
_aIndustria minera _922607 |
||
| 942 |
_2ddc _cLIBROS |
||
| 945 | _aacv | ||